000 01203nam a2200337 i 4500
001 000002723
003 DO-SdBNP
005 20251126125231.0
007 ta
008 090703s1987 dr c 000 0 spa d
040 _aDO-SdBNP
_bspa
_cBNPHU
_erda
041 _aspa
082 4 _a261.83
_bG633e
_222
100 1 _aGómez Cerda, José,
_eautor
_4aut.
_98583
245 1 0 _aElementos de doctrina social cristiana /
_cJosé Gómez Cerda ; prólogo, Giuseppe Rímoli Martínez.
264 1 _aSanto Domingo :
_bEdición Politecnia,
_c1987.
300 _a253 páginas :
_bretratos ;
_c21 cm.
336 _atexto
_btxt
_2rdacontent
337 _asin mediación
_bn
_2rdamedia
338 _avolumen
_bnc
_2rdacarrier
500 _aIncluye datos biográficos del autor.
500 _aIncluye índice.
590 _aInventariado, 2018/ YL
650 0 _aIglesia y problemas sociales
_92371
650 4 _a Iglesia y problemas sociales.
_x Iglesia Católica
_98584
650 4 _aSociología cristiana
_95839
650 4 _aSociología cristiana
_xEnseñanza pontificia
_98585
700 1 _aRímoli Martínez, Giuseppe,
_eProloguista
_4pr.
_98586
910 _aValidado. Control de calidad MFF
942 _2ddc
_cLBS1
999 _c2558
_d2558